The cardiovascular system: basic science and clinical conditions. --2nd ed. (Record no. 63963)

MARC details
000 -LEADER
fixed length control field 01644nam a2200265 a 4500
008 - FIXED-LENGTH DATA ELEMENTS--GENERAL INFORMATION
fixed length control field 120712s2010 ||||||||||||||||| || u
010 ## - LIBRARY OF CONGRESS CONTROL NUMBER
LC control number 2009012264
020 ## - INTERNATIONAL STANDARD BOOK NUMBER
International Standard Book Number 9780702033742 (alk. paper)
050 ## - LIBRARY OF CONGRESS CALL NUMBER
Classification number QP 101 Car
100 ## - MAIN ENTRY--PERSONAL NAME
Personal name Noble, Alan
245 14 - TITLE STATEMENT
Title The cardiovascular system: basic science and clinical conditions. --2nd ed.
Statement of responsibility, etc. Alan Noble...[and others]
250 ## - EDITION STATEMENT
Edition statement 2nd ed.
260 ## - PUBLICATION, DISTRIBUTION, ETC.
Place of publication, distribution, etc. Edinburgh
Name of publisher, distributor, etc. Churchill Livingstone/Elsevier
Date of publication, distribution, etc. 2010
300 ## - PHYSICAL DESCRIPTION
Extent 183p.: ill.
350 ## -
-- 0.00
490 ## -
-- Systems of the body
500 ## - GENERAL NOTE
General note Bibliography
505 ## -
-- A design specification for the cardiovascular system -- Cardiac muscle structure and function -- The heart as a pump : valve function and valve disease -- Regulation of cardiac function -- Blood supply to the heart -- Heart failure -- The electrocardiogram (ECG) -- Large blood vessels -- Resistance blood vessels -- Arterial blood pressure -- Capillary function and the lymphatic system -- Fetal cardiovascular system and congenital heart disease -- Exercise and the cardiovascular system -- Haemorrhage and circulatory shock.
650 #0 - SUBJECT ADDED ENTRY--TOPICAL TERM
Topical term or geographic name entry element CARDIOVASCULAR--PATHOPHYSIOLOGY
650 #3 - SUBJECT ADDED ENTRY--TOPICAL TERM
Topical term or geographic name entry element CARDIOVASCULAR DISEASES--PHYSIOPATHOLOGY
650 #0 - SUBJECT ADDED ENTRY--TOPICAL TERM
Topical term or geographic name entry element CARDIOVASCULAR SYSTEM
995 ## -
-- MEDICAL LIBRARY OPEN ACCESS
-- 901629
-- CBU-SCHOOL OF MEDICINE LIBRARY (Ndola)
-- 0.00
-- QP 101 Car
-- 1
-- AVAILABLE
-- Jul 12, 2012
-- 901629
-- Medical Library Open Access Collection
995 ## -
-- MICHAEL CHILUFYA SATA OPEN ACCESS
-- 902524
-- CBU-SCHOOL OF MEDICINE LIBRARY (Ndola)
-- 42.95
-- QP 101 Car
-- 2
-- AVAILABLE
-- Feb 16, 2015
-- 902524
-- Medical Library Open Access Collection
999 ## -
-- 63963
-- 63963
Holdings
Withdrawn status Lost status Source of classification or shelving scheme Damaged status Not for loan Permanent Location Current Location Shelving location Date acquired Total Checkouts Full call number Barcode Date last seen Copy number Price effective from Koha item type
          CBU-MICHAEL CHILUFYA SATA LIBRARY CBU-MICHAEL CHILUFYA SATA LIBRARY   02/01/2023   QP 101 Car 902524 02/01/2023 2 02/01/2023 MONOGRAPH
          CBU-SCHOOL OF MEDICINE LIBRARY, NDOLA. CBU-SCHOOL OF MEDICINE LIBRARY, NDOLA.   02/01/2023   QP 101 Car 901629 02/01/2023 1 02/01/2023 MONOGRAPH